[Event "Magdeburg op-B"]
[Site "Magdeburg"]
[Date "2014.06.08"]
[Round "2"]
[White "Norf, Lasse"]
[Black "Kung, Fanny"]
[Result "0-1"]
[WhiteElo "923"]
[BlackElo "1118"]
[PlyCount "118"]
[EventDate "2014.06.08"]
[EventType "swiss"]
[EventRounds "9"]
[EventCountry "GER"]
[SourceTitle "CBM 160 Extra"]
[Source "ChessBase"]
[SourceDate "2014.07.01"]
[SourceVersion "1"]
[SourceVersionDate "2014.07.01"]
[SourceQuality "1"]

1. e4 d5 2. exd5 Nf6 3. Nc3 Nxd5 4. d4 Nxc3 5. bxc3 Nc6 6. Bf4 e6 7. Nf3 Bd6 8. Qd2 0-0 9. c4 Qf6 10. Bg5 Qf5 11. Bd3 Qa5 12. c3 e5 13. d5 Nd4 14. cxd4 Bb4 15. Qxb4 Qxb4+ 16. Bd2 Qe7 17. dxe5 Bg4 18. Nd4 Qxe5+ 19. Be3 Rfe8 20. 0-0 Re7 21. Rab1 Rb8 22. c5 Qxd5 23. Rfc1 Rbe8 24. Re1 b6 25. c6 a5 26. a4 Bh5 27. Rb5 Qxd4 28. Bc2 Bg4 29. h3 Qc3 30. Rc1 Qf6 31. hxg4 Kh8 32. g5 Qxc6 33. Be4 Qe6 34. Bf5 Qd6 35. Bc2 Rb8 36. Rd1 Qa3 37. Rbd5 Ree8 38. Bf4 Rbc8 39. Bf5 c6 40. R5d2 Ra8 41. Bd7 Red8 42. Bxc6 Rxd2 43. Rxd2 Qc1+ 44. Kh2 Qxc6 45. Rd6 Qxa4 46. Be5 Rc8 47. Kh3 Qb3+ 48. g3 Kg8 49. f4 Kf8 50. f5 Ke8 51. Bxg7 Qb1 52. g4 Qh1+ 53. Kg3 Rc2 54. Bf6 Qg2+ 55. Kf4 Qf2+ 56. Ke4 Re2+ 57. Kd3 Rd2+ 58. Ke4 Rxd6 59. Ke5 Qd4# 0-1